Statistics for Guess the lyrics (#92)

Click here to take the quiz!

General Stats

  • This quiz has been taken 61 times
    (60 since last reset)
  • The average score is 175 of 267

Answer Stats

answer% Correct
I
98%
A
96%
a
96%
Yo,
94%
you
94%
You
94%
do
89%
G
89%
what
89%
What
89%
love
87%
the
87%
an
85%
go
85%
want,
85%
want
85%
be
83%
to
83%
it
81%
me
81%
me?
81%
my
81%
and
79%
And
79%
So
79%
So,
79%
If
77%
for
74%
Ha
72%
ha!
72%
in
72%
real
72%
tell
72%
that?
72%
wanna
72%
we
72%
We
72%
get
70%
Get
70%
I'll
70%
is
70%
then
70%
your
70%
can
68%
really
68%
really,
68%
lover
66%
got
64%
with
64%
have
62%
Who
62%
free
60%
just
60%
know
60%
on
60%
Are
58%
Z
58%
don't
57%
Make
57%
make
57%
friends
55%
V
55%
never
53%
She
51%
ah
49%
as
49%
but
49%
gotta,
49%
gotta
49%
how
49%
Now
49%
say
49%
Say
49%
too
49%
could
47%
from
47%
give
47%
like
47%
think
47%
about
45%
all
45%
last
45%
time
43%
zig
43%
forever
42%
forever,
42%
that's
42%
way
42%
better
40%
ends
40%
fine
40%
Friendship
40%
see
40%
wasting
38%
down
36%
feel
36%
future
36%
precious
36%
together,
36%
forget
34%
past
34%
won't
34%
come
32%
You'll
32%
act
30%
easy,
30%
Easy
30%
fast
30%
here's
26%
around
25%
story
25%
Taking
25%
try
25%
Doesn't
23%
She's
23%
carefully
19%
likes
19%
listen
19%
Em
17%
face
17%
goodbye
17%
handle
17%
hasty,
17%
body
15%
lady
15%
bug
13%
place
13%
wind
13%
Slam
11%
slam,
11%
slam
11%
MC
9%

Score Distribution

Percentile by Number Answered

Percent of People with Each Score

Your Score History

You have not taken this quiz since the last reset